000 00962nam a22001817a 4500
999 _c61877
_d61877
003 Ge_BSU
005 20240603102145.0
008 240531s1997 ge ||||| |||| 00| 0 geo d
041 _ageo
080 _a614.2(479.223)+615 კ-71
100 _aკომახიძე, თეიმურაზ.
_93432
245 _aქალაქ ბათუმის ჯანმრთელობის კერებისა და საკურორტო ქსელის განვითარების ისტორია :
_bწ. 2 /
_cთეიმურაზ კომახიძე; [რედ.: რამაზ სურმანიძე].
264 _aბათუმი :
_bაჭარა,
_c1997.
300 _a236 გვ.;
_b20 სმ.
653 _aქალაქ ბათუმის ჯანდაცვა
700 _aსურმანიძე, რამაზ
_eრედაქტორი
_922273
942 _2udc
_cᲬᲘᲒᲜᲘ